| 000 | 01139cam a22003374i 4500 | ||
|---|---|---|---|
| 003 | PE-LiUPU | ||
| 005 | 20250731184106.0 | ||
| 008 | 150623s r 000 0 d | ||
| 035 | _a(Sirsi) a29384 | ||
| 040 |
_aPE-LiUPU _bspa _cPE-LiUPU _erda |
||
| 082 | 0 | 4 |
_a808.8 _bW55 _221 |
| 100 | 1 |
_aWhite, Patrick, _eautor. |
|
| 245 | 1 | 3 |
_aEl carro de los elegidos / _cPatrick White. |
| 264 | 1 |
_aBuenos Aires : _bOrbis, _c1966. |
|
| 300 |
_a463 páginas ; _c25 cm. |
||
| 336 |
_atext _2rdacontent |
||
| 337 |
_aunmediated _2rdamedia |
||
| 338 |
_avolume _2rdacarrier |
||
| 505 | 0 | _aSiete partes. | |
| 526 | _aP145 | ||
| 526 | _aP127 | ||
| 526 | _aP97 | ||
| 526 | _aP14 | ||
| 526 | _aP07 | ||
| 650 | 0 | 4 | _aLiteratura argentina. |
| 942 |
_2ddc _cBOOK |
||
| 949 |
_a808.8 W55 _wDEWEY _c1 _i24630 _lCCODEBUL1 _mBUL _p00.00 _r0 _sY _tBOOK _u2015-06-24 _xBIBLIOTECA _zUNKNOWN _0COMPRA _o.STAFF. Colección General |
||
| 596 | _a1 | ||
| 999 |
_a808.8 W55 _wDEWEY _c36735 _i24630 _f2021-11-5 _g5 _lCCODEBUL1 _mBUL _r0 _sY _tBOOK _u2015-6-24 _xBIBLIOTECA _zUNKNOWN _0COMPRA _o.STAFF. Colección General _d36735 |
||
| 980 |
_81 _gALBERTO SANCHEZ Responsable de Automatización |
||